000 00729cam a22002058i 4500
999 _c58334
_d58334
001 19358821
005 20221110114755.0
008 161031t20172016enk b 001 0 eng c
020 _a9781107175563x
041 _aeng
080 _a621.396 C-69
100 1 _aColeman, Christopher
_d
_99154
245 1 0 _aAnalysis and modeling of radio wave propagation /
_cChristopher John Coleman, University of Adelaide.
264 4 _cNew York, NY :
_aCambridge University Press,
_b[2017].
300 _a220 pages ;
_b27 cm.
653 _aრადოიკავშირის მეთოდები
653 _aМетоды радиосвязи
653 _aელექტრომაგნეტიზმი
942 _2udc
_cBK